| 000 | 00864nam a22002415i 4500 | ||
|---|---|---|---|
| 001 | 163280 | ||
| 003 | ES-MaACL | ||
| 005 | 20250703063120.0 | ||
| 008 | 960229s1868 fr |||| | fre d | ||
| 040 |
_aEUS _bspa _cEUS |
||
| 100 | 1 |
_aRenan, Ernest, _d1823-1892 _996168 |
|
| 245 | 1 | 0 |
_aQuestions contemporaines / _cpar Ernest Renan. |
| 250 | _a2e éd. | ||
| 260 |
_aParis : _bMichel Lévy Frères Libraires-Éditeurs, _c1868 ( _eClichy : _fImpr. Maurice Loignon et C\pie\s) |
||
| 300 |
_a[4], XXXI, 477, [2] p. ; _c23 cm. |
||
| 596 | _aColofón. | ||
| 596 | _aMarca de ed. en port. | ||
| 596 | _a"En la cub.: Saint-Germain : Imprimerie L. Toinon et Cie" | ||
| 597 | _aSignaturizado numéricamente. | ||
| 597 | _aAntep. | ||
| 852 |
_aES-MaACL _jF-9176 _z-- Enc. pasta española _x-- T260: (Clichy: Maurice Loignon) |
||
| 999 |
_c163280 _d163280 |
||